Obscured Anagrams Quiz Stats

 Plays Quiz Updated May 12, 2019

Score 0/20 Timer 07:00
1 Play Today
% Correct
STET
94.5%
NOPE
94%
SWAP
93.6%
STEW
93%
ATOM
92.9%
HINT
92.8%
GAPE
92.7%
RATE
92.4%
ABET
92.1%
CORK
91.7%
% Correct
FLOW
91.2%
CARE
90.6%
NONE
90.3%
POLO
89.8%
LILT
89.2%
STAR
88.7%
SKIN
86.6%
FROM
82.7%
WARY
80.8%
PART
76%

You're not logged in!

Compare scores with friends on all Sporcle quizzes.
OR
Log In

Show Comments

Extras

Top Quizzes Today


Score Distribution

Your Account Isn't Verified!

In order to create a playlist on Sporcle, you need to verify the email address you used during registration. Go to your Sporcle Settings to finish the process.

Report this User

Report this user for behavior that violates our Community Guidelines.

Details: